00582cam a22002291 4500001001300000003000400013005001700017008004100034010001700075035002000092040001800112042001200130050001700142100002700159245004800186260001100234300001900245500001400264504003100278650002600309999001700335sa 66003310 DLC20260227112234.0891004s1966 ii b 000 1 hino  asa 66003310  a(OCoLC)20439550 aDLCcWaUdDLC apremarc00aPK2042b.S481 aSinha, Shuresh,d1940-10aNaī kahānī kī mūla-saṃvedanā. c[1966] a210 p.c19 cm. aIn Hindi. aBibliographical footnotes. 0aShort stories, Hindi. c68799d68799